000 00443nam a2200121Ia 4500
008 160712s9999 xx 000 0 und d
100 _aJabar, Melvin A.
245 _cMelvin A. Jabar
_aSocial Capital among School Children of Japanese-Filipino Marriages
260 _c2013
_bPhilippine Social Sciences Review
300 _avol. 65 no. 1
650 _xSOCIAL SCIENCES
856 _uhttp://journals.upd.edu.ph/index.php/pssr/issue/view/421/showToc
999 _c297385
_d297385